000 01136nam0a22003131 4500
001 RU\INFOCOMM_318\NLR\5000071510
005 20250613102422.0
035 _a(NLR Aleph) 009443106
090 _a8357431
_c8357431
100 _a20121126d1979 |||y0rusy50 ca
101 1 _ager
_crus
102 _aRU
105 _ay z |||||
200 1 _aDie Dialektik des Abstrakten und Konkreten im "Kapital" von Karl Marx
_fE. W. Iljenkow
_g[Übers. aus dem Russ.: L. Gurwitsch]
210 _aM.
_cProgress
_d1979
215 _a294 с.
_d22 см
300 _a"Originaltitel: "Диалектика абстрактного и конкретного в "Капитале" Маркса" / Э. В. Ильенков"
500 1 0 _6z02702
_aDas Kapital
620 _aМосква
686 _aА513.72
_2rubbk
686 _aА193.6"Капитал"
_2rubbk
700 1 _9z01790
_aIl'enkov
_bE. V.
_f1924-1979
_gÉval'd Vasil'evič
702 1 _6z02500
_aMarx
_bK.
_f1818-1883
_gKarl
_4570
790 1 _9z01700
_aIljenkow
_bE. W.
_4070
801 1 _aRU
_bNLR
_c20121126
801 0 _aRU
_bINFOCOMM
_gPSBO
852 _aNLR
_jМ21 Д-5/53
942 _cBOOK
980 _aNB